Warm, cold, competent or incompetent?: an empirical assessment of public perceptions of the higher and less educated /
Guardado en:
| 主要作者: | |
|---|---|
| 其他作者: | |
| 格式: | 圖書 |
| 語言: | English |
| 標簽: |
添加標簽
沒有標簽, 成為第一個標記此記錄!
|
MARC
| LEADER | 00000nam a22000007a 4500 | ||
|---|---|---|---|
| 003 | cru CIDCACS/IIS | ||
| 005 | 20161104093343.0 | ||
| 007 | ta | ||
| 008 | 161103s2015 xxu||||| |||| 00| 0 eng d | ||
| 040 | |c cru CIDCACS/IIS | ||
| 100 | 1 | |9 359 |a Spruyt, Bram | |
| 245 | 1 | |a Warm, cold, competent or incompetent?: |b an empirical assessment of public perceptions of the higher and less educated / |c Bram Spruyt, Toon Kuppens | |
| 300 | |a páginas 1058-1077: |b tablas, gráficos | ||
| 700 | 1 | |9 360 |a Kuppens, Toon | |
| 773 | 0 | |0 18701 |9 124 |d Los Angeles: SAGE Publications |o R19011 |t Current Sociology / |x 00113921 | |
| 942 | |2 ddc |c PP | ||
| 999 | |c 18704 |d 18704 | ||
